000 00595nam a22001817a 4500
003 CEME
005 20210628210625.0
008 210210b xxu||||| |||| 00| 0 eng d
020 _a81-86830-18-9
040 _c.
082 _a004.03 ITE
100 _aDiwan, Parag Suri, R.K Kaushik, Sanjay
_980237
245 _aIt encyclopaedia.com,vol-6 graphical user interface
260 _aNEW DELHI
_bPENTAGON PRESS
_c2001
300 _a324P
650 _aGRAPHICAL USER INTERFACE GUI HTML-INTRODUCTION HTML VISUAL BASIC CONCEPTS CONTROL STRUCTURES PROGRAMMING FUNDAMENTALS
_980238
942 _cBK
_2ddc
999 _c585187
_d585187